[Event "Titled Tuesday intern op 04th Apr Early"]
[Site "Chess.com INT"]
[Date "2023.04.04"]
[Round "10"]
[White "Cattaneo, Marco"]
[Black "Ulaneo, Nicolas"]
[Result "1-0"]
[WhiteElo "2251"]
[BlackElo "2165"]
[PlyCount "101"]
[EventDate "2023.04.04"]
[EventType "swiss (blitz)"]
[EventRounds "11"]
[EventCountry "USA"]
[SourceTitle "EXT 2024"]
[Source "ChessBase"]
[SourceDate "2023.10.10"]
[SourceVersion "1"]
[SourceVersionDate "2023.10.10"]
[SourceQuality "1"]

1. d4 Nf6 2. Nf3 e6 3. c4 c5 4. d5 exd5 5. cxd5 d6 6. Nc3 g6 7. h3 Bg7 8. e4 0-0 9. Bd3 Re8 10. 0-0 c4 11. Bxc4 Nxe4 12. Nxe4 Rxe4 13. Qc2 Re8 14. Bg5 Qb6 15. Rfe1 Bd7 16. Rxe8+ Bxe8 17. Re1 Nd7 18. Be7 Rc8 19. Qb3 Qc7 20. Bf1 Nc5 21. Qe3 Bxb2 22. Qf4 Bg7 23. Bxd6 Qa5 24. Bc4 Bb5 25. Bxb5 Qxb5 26. Ng5 Qd7 27. Re7 Qf5 28. Qxf5 gxf5 29. Bxc5 Rxc5 30. d6 Bf8 31. Rxb7 Rc1+ 32. Kh2 Bxd6+ 33. g3 Rc2 34. Nxf7 Rxf2+ 35. Kh1 Bxg3 36. Nh6+ Kf8 37. Rf7+ Ke8 38. Rxf5 Rxf5 39. Nxf5 Be5 40. Kg2 Kd7 41. Kf3 Ke6 42. Ke4 Bc7 43. Nd4+ Kd6 44. Nb5+ Kc6 45. Nxa7+ Kc5 46. Nc8 Kb4 47. Kd5 Ka3 48. Ne7 Kxa2 49. Ke6 Kb3 50. Nf5 Bd8 51. Kf7 1-0

[Event "Titled Tuesday intern op 04th Apr Early"]
[Site "Chess.com INT"]
[Date "2023.04.04"]
[Round "2"]
[White "Erzhanov, Arman"]
[Black "Ulaneo, Nicolas"]
[Result "0-1"]
[WhiteElo "2228"]
[BlackElo "2165"]
[PlyCount "120"]
[EventDate "2023.04.04"]
[EventType "swiss (blitz)"]
[EventRounds "11"]
[EventCountry "USA"]
[SourceTitle "EXT 2024"]
[Source "ChessBase"]
[SourceDate "2023.10.10"]
[SourceVersion "1"]
[SourceVersionDate "2023.10.10"]
[SourceQuality "1"]

1. e4 e5 2. Nf3 Nc6 3. Bb5 a6 4. Bxc6 dxc6 5. Nc3 f6 6. d4 exd4 7. Nxd4 c5 8. Nde2 Qxd1+ 9. Nxd1 Bd7 10. Bf4 0-0-0 11. Ne3 Ne7 12. 0-0-0 Ng6 13. Bg3 h5 14. h4 Ne5 15. f3 Be7 16. Nf4 c6 17. Rd2 g6 18. Rhd1 g5 19. Nd3 Nxd3+ 20. Rxd3 Be6 21. Rxd8+ Rxd8 22. Rxd8+ Kxd8 23. c4 b5 24. b3 a5 25. a4 Kd7 26. Kd2 Bd6 27. Bxd6 Kxd6 28. Kd3 Ke5 29. hxg5 fxg5 30. Nd1 Kf4 31. Ne3 bxa4 32. bxa4 h4 33. Ke2 g4 34. fxg4 Kxe4 35. g5 Bf7 36. Kf2 Kf4 37. Ke2 Bh5+ 38. Kf2 Kxg5 39. Nf1 Kf4 40. Nd2 Bf7 41. Nb3 Bxc4 42. Nxa5 Bd5 43. Nb7 c4 44. a5 c5 45. Nxc5 c3 46. Nd3+ Ke4 47. Nc1 Kd4 48. a6 Kc4 49. Ne2 c2 50. g4 h3 51. Kg3 Kd3 52. Nc1+ Kd2 53. Nb3+ Bxb3 54. a7 Bd5 55. Kxh3 c1Q 56. Kh4 Ke3 57. Kg5 Qc7 58. Kf6 Qxa7 59. g5 Qf7+ 60. Ke5 Qe6# 0-1

[Event "Titled Tuesday intern op 04th Apr Early"]
[Site "Chess.com INT"]
[Date "2023.04.04"]
[Round "5"]
[White "Poliakova, Varvara"]
[Black "Ulaneo, Nicolas"]
[Result "0-1"]
[WhiteElo "2043"]
[BlackElo "2165"]
[PlyCount "146"]
[EventDate "2023.04.04"]
[EventType "swiss (blitz)"]
[EventRounds "11"]
[EventCountry "USA"]
[SourceTitle "EXT 2024"]
[Source "ChessBase"]
[SourceDate "2023.10.10"]
[SourceVersion "1"]
[SourceVersionDate "2023.10.10"]
[SourceQuality "1"]

1. e4 e5 2. Nf3 Nc6 3. Bc4 Nf6 4. d3 Bc5 5. c3 d6 6. Bb3 a6 7. Nbd2 Ba7 8. 0-0 Be6 9. h3 Qe7 10. Nc4 h6 11. Re1 g5 12. Nh2 0-0-0 13. d4 exd4 14. Qf3 Ne5 15. Nxe5 dxe5 16. cxd4 Bxd4 17. Be3 Bxe3 18. Rxe3 Rd4 19. Bc2 Rhd8 20. Rc3 Nd7 21. Rc1 Nb6 22. Bb3 Bxb3 23. axb3 c6 24. Ng4 Qe6 25. Qf5 Rd1+ 26. Kh2 Rxc1 27. Rxc1 Qxf5 28. exf5 Rd2 29. f3 Nd5 30. Nxe5 Nf4 31. Rg1 Ne2 32. Nc4 Rc2 33. Re1 Nf4 34. Rg1 Ne2 35. Rd1 Nf4 36. Rd2 Rxd2 37. Nxd2 Kc7 38. Kg3 Kd6 39. Kg4 f6 40. Nc4+ Kc5 41. Kg3 h5 42. h4 Ne2+ 43. Kf2 Nd4 44. hxg5 fxg5 45. f6 Ne6 46. Ne5 Kd6 47. Nf7+ Kd5 48. Nh8 Ke5 49. Nf7+ Kxf6 50. Nd6 b5 51. Ne4+ Kf5 52. Ke3 Nf4 53. g3 Nd5+ 54. Kd4 g4 55. Nd6+ Ke6 56. fxg4 hxg4 57. Ne4 Nc7 58. Kc5 Ke5 59. Nf2 Kf5 60. Kxc6 Ne6 61. Kb6 Nd4 62. Kxa6 Nxb3 63. Kxb5 Nc1 64. b4 Ne2 65. Nh1 Ke4 66. Kc5 Nd4 67. b5 Nxb5 68. Kxb5 Kf3 69. Kc4 Kg2 70. Kd3 Kxh1 71. Ke3 Kg2 72. Ke2 Kxg3 73. Kf1 Kh2 0-1

[Event "Titled Tuesday intern op 04th Apr Early"]
[Site "Chess.com INT"]
[Date "2023.04.04"]
[Round "4"]
[White "Ulaneo, Nicolas"]
[Black "Belozerov, Andrei"]
[Result "1/2-1/2"]
[WhiteElo "2165"]
[BlackElo "2461"]
[PlyCount "63"]
[EventDate "2023.04.04"]
[EventType "swiss (blitz)"]
[EventRounds "11"]
[EventCountry "USA"]
[SourceTitle "EXT 2024"]
[Source "ChessBase"]
[SourceDate "2023.10.10"]
[SourceVersion "1"]
[SourceVersionDate "2023.10.10"]
[SourceQuality "1"]

1. e4 c6 2. d4 d5 3. exd5 cxd5 4. c4 Nf6 5. Nc3 g6 6. Qb3 Bg7 7. cxd5 0-0 8. Nf3 Nbd7 9. Be2 Nb6 10. 0-0 Nbxd5 11. h3 b6 12. Bc4 Bb7 13. Ne5 e6 14. Bg5 h6 15. Be3 Rc8 16. Rac1 Qe7 17. Rfd1 Rfd8 18. Bf1 Nxe3 19. fxe3 Nd5 20. Nxd5 Bxd5 21. Bc4 Bxe5 22. dxe5 Bxc4 23. Rxd8+ Qxd8 24. Rxc4 Rxc4 25. Qxc4 Qd1+ 26. Kh2 Qd2 27. Qd4 Qe2 28. Qd8+ Kh7 29. Qf6 Kg8 30. Qd8+ Kh7 31. Qf6 Kg8 32. Qd8+ 1/2-1/2

[Event "Titled Tuesday intern op 04th Apr Early"]
[Site "Chess.com INT"]
[Date "2023.04.04"]
[Round "9"]
[White "Ulaneo, Nicolas"]
[Black "Krsnik Cohar, Ivan Vihor"]
[Result "0-1"]
[WhiteElo "2165"]
[BlackElo "2336"]
[PlyCount "50"]
[EventDate "2023.04.04"]
[EventType "swiss (blitz)"]
[EventRounds "11"]
[EventCountry "USA"]
[SourceTitle "EXT 2024"]
[Source "ChessBase"]
[SourceDate "2023.10.10"]
[SourceVersion "1"]
[SourceVersionDate "2023.10.10"]
[SourceQuality "1"]

1. e4 c5 2. Nf3 g6 3. c3 Bg7 4. d4 cxd4 5. cxd4 d5 6. exd5 Nf6 7. Nc3 Nxd5 8. Bb5+ Bd7 9. Bc4 Bc6 10. 0-0 0-0 11. Ne5 Nxc3 12. bxc3 Bd5 13. Bd3 Nd7 14. Bf4 Rc8 15. Nxd7 Qxd7 16. Qd2 b5 17. Rfe1 a6 18. a4 Bc4 19. axb5 axb5 20. Be5 e6 21. Bxg7 Kxg7 22. Be4 Rfd8 23. Qg5 Bd5 24. Bxd5 Qxd5 25. Re3 Qxg5 0-1

[Event "Titled Tuesday intern op 04th Apr Early"]
[Site "Chess.com INT"]
[Date "2023.04.04"]
[Round "3"]
[White "Ulaneo, Nicolas"]
[Black "Rodchenkov, Sergey D"]
[Result "1-0"]
[WhiteElo "2165"]
[BlackElo "2346"]
[PlyCount "63"]
[EventDate "2023.04.04"]
[EventType "swiss (blitz)"]
[EventRounds "11"]
[EventCountry "USA"]
[SourceTitle "EXT 2024"]
[Source "ChessBase"]
[SourceDate "2023.10.10"]
[SourceVersion "1"]
[SourceVersionDate "2023.10.10"]
[SourceQuality "1"]

1. e4 c5 2. Nf3 d6 3. Bb5+ Nd7 4. 0-0 a6 5. Bd3 Ngf6 6. c3 b5 7. Bc2 e6 8. d4 Be7 9. Re1 Bb7 10. Nbd2 0-0 11. Qe2 Rc8 12. e5 Ne8 13. Ne4 h6 14. Bf4 cxd4 15. exd6 Bf6 16. cxd4 g5 17. Be5 Nxe5 18. dxe5 Bg7 19. h3 Bd5 20. Nc3 Bc4 21. Qe4 f5 22. Qe3 b4 23. Na4 Bd5 24. Bb3 g4 25. hxg4 fxg4 26. Bxd5 exd5 27. Nd4 Rc4 28. Ne6 Qd7 29. Nxf8 Bxf8 30. Nb6 Qb5 31. Nxc4 Qxc4 32. d7 1-0

[Event "Santa Fe Litoral op 2nd"]
[Site "Santa Fe"]
[Date "2022.11.13"]
[Round "6"]
[White "Sobrero, Jose Luis"]
[Black "Ulaneo, Nicolas"]
[Result "0-1"]
[WhiteElo "1810"]
[BlackElo "2187"]
[PlyCount "66"]
[EventDate "2022.11.10"]
[EventType "swiss"]
[EventRounds "7"]
[EventCountry "ARG"]
[SourceTitle "CBM 211 Extra"]
[Source "ChessBase"]
[SourceDate "2023.01.31"]
[SourceVersion "1"]
[SourceVersionDate "2023.01.31"]
[SourceQuality "1"]

1. e4 e5 2. d4 exd4 3. Bc4 Nf6 4. Nf3 Nc6 5. 0-0 d6 6. Nxd4 Be7 7. Nxc6 bxc6 8. Nc3 0-0 9. h3 Nxe4 10. Nxe4 d5 11. Nd2 dxc4 12. Nxc4 Qd5 13. Ne3 Qc5 14. Qe2 Rb8 15. Rb1 Re8 16. b3 Bd6 17. Bb2 Qa5 18. Qf3 Qg5 19. Rfe1 Be6 20. Qxc6 Bxh3 21. Nf5 Rxe1+ 22. Rxe1 Bxf5 23. Re8+ Rxe8 24. Qxe8+ Bf8 25. Ba3 c5 26. Bxc5 Qc1+ 27. Kh2 Qh6+ 28. Kg1 g6 29. c4 a5 30. a3 Qg7 31. b4 axb4 32. axb4 Be6 33. b5 Qa1+ 0-1

[Event "Santa Fe Litoral op 2nd"]
[Site "Santa Fe"]
[Date "2022.11.13"]
[Round "7"]
[White "Ulaneo, Nicolas"]
[Black "Straini, Nahuel"]
[Result "1/2-1/2"]
[WhiteElo "2187"]
[BlackElo "1955"]
[PlyCount "69"]
[EventDate "2022.11.10"]
[EventType "swiss"]
[EventRounds "7"]
[EventCountry "ARG"]
[SourceTitle "CBM 211 Extra"]
[Source "ChessBase"]
[SourceDate "2023.01.31"]
[SourceVersion "1"]
[SourceVersionDate "2023.01.31"]
[SourceQuality "1"]

1. e4 c6 2. Nf3 d5 3. Nc3 Bg4 4. Be2 Nf6 5. Ne5 Bxe2 6. Qxe2 Nxe4 7. Nxe4 dxe4 8. Qxe4 Nd7 9. d4 Nf6 10. Qd3 e6 11. Bg5 Be7 12. 0-0 0-0 13. Rad1 h6 14. Bc1 Qa5 15. Qh3 h5 16. Bg5 Rfd8 17. Rd3 c5 18. Bxf6 Bxf6 19. Qxh5 Bxe5 20. Rh3 Bxh2+ 21. Rxh2 Kf8 22. Qh8+ Ke7 23. Qxg7 cxd4 24. Rh6 Qf5 25. Re1 Rd6 26. Re5 Qf4 27. g3 Rg8 28. Qxg8 Qxh6 29. Qc8 Qc1+ 30. Kg2 Qxb2 31. Qc7+ Rd7 32. Qc5+ Rd6 33. Qc7+ Rd7 34. Qc5+ Rd6 35. Qc7+ 1/2-1/2

[Event "Santa Fe Litoral op 2nd"]
[Site "Santa Fe"]
[Date "2022.11.12"]
[Round "5"]
[White "Ulaneo, Nicolas"]
[Black "Gandolla, Alejandro"]
[Result "1-0"]
[WhiteElo "2187"]
[BlackElo "1643"]
[PlyCount "59"]
[EventDate "2022.11.10"]
[EventType "swiss"]
[EventRounds "7"]
[EventCountry "ARG"]
[SourceTitle "CBM 211 Extra"]
[Source "ChessBase"]
[SourceDate "2023.01.31"]
[SourceVersion "1"]
[SourceVersionDate "2023.01.31"]
[SourceQuality "1"]

1. e4 c5 2. Nc3 d6 3. Bb5+ Nc6 4. Bxc6+ bxc6 5. d3 g6 6. f4 Bg7 7. Nf3 e6 8. e5 d5 9. 0-0 Ne7 10. Na4 Qa5 11. c4 0-0 12. Bd2 Qd8 13. b3 Nf5 14. Qe1 Qe7 15. Qf2 d4 16. g4 Nh6 17. h3 Kh8 18. Ng5 f6 19. exf6 Rxf6 20. Rae1 Rf8 21. Qh4 e5 22. fxe5 Rxf1+ 23. Rxf1 Kg8 24. e6 Bxe6 25. Re1 Rf8 26. Rxe6 Qc7 27. Nxc5 Be5 28. Nce4 Bg7 29. Nxh7 Kxh7 30. Re7 1-0

[Event "URU-ch 92nd"]
[Site "Montevideo"]
[Date "2021.11.27"]
[Round "6"]
[White "Ulaneo, Nicolas"]
[Black "Diaz Hollemaert, Nahuel Carlos"]
[Result "1/2-1/2"]
[WhiteElo "2164"]
[BlackElo "2441"]
[PlyCount "97"]
[EventDate "2021.11.22"]
[EventType "tourn"]
[EventRounds "11"]
[EventCountry "URU"]
[EventCategory "2"]
[SourceTitle "CBM 205 Extra"]
[Source "ChessBase"]
[SourceDate "2022.01.31"]
[SourceVersion "1"]
[SourceVersionDate "2022.01.31"]
[SourceQuality "1"]

1. e4 c5 2. Nc3 a6 3. a4 Nc6 4. g3 g6 5. Bg2 Bg7 6. d3 d6 7. Be3 Nf6 8. h3 0-0 9. Nge2 Rb8 10. f4 Nd7 11. 0-0 b5 12. axb5 axb5 13. e5 b4 14. Bxc6 bxc3 15. bxc3 dxe5 16. fxe5 Nxe5 17. Bg2 Bb7 18. Nf4 Bxg2 19. Nxg2 Qc8 20. Kh2 Rd8 21. Qe2 Nd7 22. Bf4 e5 23. Bg5 f6 24. Bc1 f5 25. Bg5 Re8 26. Ra7 Qc6 27. Rfa1 e4 28. R1a6 Rb6 29. Rxb6 Nxb6 30. dxe4 Rxe4 31. Qa6 c4 32. Be3 Re6 33. Rb7 Nc8 34. Qa8 Re7 35. Rb8 Qxa8 36. Rxa8 Re8 37. Bd4 Nd6 38. Rxe8+ Nxe8 39. Ne3 Nd6 40. Kg2 Kf7 41. Kf3 Bxd4 42. cxd4 Nb5 43. c3 Nxc3 44. Nxc4 Ke6 45. g4 fxg4+ 46. Kxg4 Kd5 47. Ne5 Ne4 48. Nf3 h6 49. Kf4 1/2-1/2

[Event "URU-ch 92nd"]
[Site "Montevideo"]
[Date "2021.11.22"]
[Round "1"]
[White "Ulaneo, Nicolas"]
[Black "Rodi, Luis Ernesto"]
[Result "1-0"]
[WhiteElo "2164"]
[BlackElo "2358"]
[PlyCount "103"]
[EventDate "2021.11.22"]
[EventType "tourn"]
[EventRounds "11"]
[EventCountry "URU"]
[EventCategory "2"]
[SourceTitle "CBM 205 Extra"]
[Source "ChessBase"]
[SourceDate "2022.01.31"]
[SourceVersion "1"]
[SourceVersionDate "2022.01.31"]
[SourceQuality "1"]

1. e4 e5 2. Nc3 Nf6 3. g3 Bc5 4. Bg2 Nc6 5. d3 0-0 6. Nge2 Nd4 7. 0-0 d6 8. Nxd4 Bxd4 9. h3 c6 10. Ne2 Bb6 11. d4 Qe7 12. Qd3 Re8 13. Bd2 exd4 14. Nxd4 d5 15. exd5 Nxd5 16. Rfe1 Qd8 17. Rxe8+ Qxe8 18. Re1 Qd8 19. Bg5 f6 20. Bc1 Bd7 21. Nf5 Bxf5 22. Qxf5 Qd6 23. c4 Ne7 24. Qg4 f5 25. Qg5 Ng6 26. Be3 Qb4 27. Rd1 Bxe3 28. Qxe3 Nf8 29. b3 a5 30. c5 a4 31. Bf1 axb3 32. axb3 h6 33. Bc4+ Kh7 34. Qe5 Ng6 35. Qxf5 Rf8 36. Qc2 Rf6 37. Rd8 Qe1+ 38. Kg2 h5 39. Bd3 Qe7 40. Bxg6+ Rxg6 41. Rd6 Qf7 42. f4 Kh6 43. Rxg6+ Qxg6 44. Qxg6+ Kxg6 45. Kf3 Kf5 46. g4+ Ke6 47. Ke4 h4 48. f5+ Kf6 49. Kf4 g5+ 50. Ke4 Kf7 51. Ke5 Ke7 52. f6+ 1-0

[Event "URU-ch"]
[Site "Montevideo"]
[Date "2017.03.25"]
[Round "1"]
[White "Coppola, Claudio"]
[Black "Ulaneo, Nicolas"]
[Result "1-0"]
[WhiteElo "2267"]
[BlackElo "2167"]
[PlyCount "45"]
[EventDate "2017.03.25"]
[EventType "swiss"]
[EventRounds "9"]
[EventCountry "URU"]
[SourceTitle "CBM 177 Extra"]
[Source "ChessBase"]
[SourceDate "2017.04.27"]
[SourceVersion "1"]
[SourceVersionDate "2017.04.27"]
[SourceQuality "1"]

1. d4 e6 2. Bf4 Nf6 3. e3 c5 4. Nf3 Nc6 5. c3 Qb6 6. Na3 Qxb2 7. Nb5 Ne4 8. Qc1 Qxf2+ 9. Kd1 cxd4 10. exd4 Kd8 11. Be3 a6 12. Bxf2 Nxf2+ 13. Ke1 Nxh1 14. Ng5 axb5 15. Nxf7+ Ke8 16. Nxh8 Be7 17. Bd3 b4 18. cxb4 Bf6 19. a3 Nxd4 20. Ra2 g6 21. Qh6 Bxh8 22. Bxg6+ hxg6 23. Qxh8+ 1-0

[Event "URU-ch sf"]
[Site "Montevideo"]
[Date "2017.02.26"]
[Round "5"]
[White "Ulaneo, Nicolas"]
[Black "Bustelo, Tabare"]
[Result "1-0"]
[WhiteElo "2167"]
[BlackElo "2047"]
[PlyCount "103"]
[EventDate "2017.02.24"]
[EventType "swiss"]
[EventRounds "8"]
[EventCountry "URU"]
[SourceTitle "CBM 177 Extra"]
[Source "ChessBase"]
[SourceDate "2017.04.27"]
[SourceVersion "1"]
[SourceVersionDate "2017.04.27"]
[SourceQuality "1"]

1. d4 Nc6 2. c4 e5 3. d5 Nce7 4. Nf3 Ng6 5. g3 Bb4+ 6. Bd2 Bxd2+ 7. Nbxd2 f5 8. Bg2 d6 9. 0-0 Nf6 10. b4 0-0 11. Qb3 a5 12. a3 axb4 13. axb4 Rxa1 14. Rxa1 f4 15. Ng5 fxg3 16. hxg3 Ng4 17. Nge4 Ne7 18. c5 Nf5 19. e3 Qe8 20. Ra8 Qh5 21. Nf1 Qf7 22. Qc2 dxc5 23. bxc5 Nf6 24. Nfd2 Ng4 25. Nf1 Nf6 26. Nxf6+ Qxf6 27. Nh2 Nh6 28. d6 cxd6 29. cxd6 Bf5 30. Rxf8+ Qxf8 31. Qc4+ Kh8 32. Qd5 Bd7 33. Qxe5 b5 34. Bd5 Nf5 35. Nf3 Qxd6 36. Ng5 Qxe5 37. Nf7+ Kg8 38. Nxe5+ Kf8 39. Nxd7+ Ke7 40. Nb6 h6 41. Bb3 Kd6 42. Kf1 Kc5 43. Nd5 Nd6 44. f3 Nb7 45. Ke2 Na5 46. Ba2 b4 47. Nf4 g5 48. Nd3+ Kb5 49. Nc1 h5 50. f4 h4 51. fxg5 h3 52. Kf2 1-0

[Event "URU-ch sf"]
[Site "Montevideo"]
[Date "2017.02.24"]
[Round "1"]
[White "Ulaneo, Nicolas"]
[Black "Rodriguez Farias, Victor Hugo"]
[Result "1-0"]
[WhiteElo "2167"]
[BlackElo "1859"]
[PlyCount "61"]
[EventDate "2017.02.24"]
[EventType "swiss"]
[EventRounds "8"]
[EventCountry "URU"]
[SourceTitle "CBM 177 Extra"]
[Source "ChessBase"]
[SourceDate "2017.04.27"]
[SourceVersion "1"]
[SourceVersionDate "2017.04.27"]
[SourceQuality "1"]

1. d4 e6 2. c4 d5 3. Nc3 c6 4. Nf3 f5 5. g3 Nf6 6. Bg2 Bd6 7. 0-0 0-0 8. Qc2 Ne4 9. Rb1 a5 10. a3 Qe7 11. b4 axb4 12. axb4 Bxb4 13. Nxe4 fxe4 14. Bg5 Qc7 15. Rxb4 exf3 16. Bxf3 Na6 17. Rb2 Bd7 18. Rc1 Rf5 19. Bf4 Rxf4 20. gxf4 dxc4 21. Qxc4 b5 22. Qd3 Qxf4 23. Qe3 Qxe3 24. fxe3 Rc8 25. Ra1 Nc7 26. Ra7 Kf8 27. Rc2 Ke7 28. Bxc6 Kd6 29. Bxd7 Kxd7 30. e4 g5 31. Rc5 1-0

[Event "URU-chTA"]
[Site "Montevideo"]
[Date "2016.09.24"]
[Round "4.13"]
[White "Ulaneo, Nicolas"]
[Black "Izquierdo, Sebastian"]
[Result "1-0"]
[WhiteElo "2153"]
[BlackElo "2015"]
[PlyCount "77"]
[EventDate "2016.09.23"]
[EventType "team-swiss"]
[EventRounds "5"]
[EventCountry "URU"]
[SourceTitle "EXT 2018"]
[Source "ChessBase"]
[SourceDate "2017.10.13"]
[SourceVersion "1"]
[SourceVersionDate "2017.10.13"]
[SourceQuality "1"]

1. d4 Nf6 2. c4 e6 3. Nf3 Bb4+ 4. Nbd2 d5 5. a3 Be7 6. g3 0-0 7. Bg2 Nbd7 8. 0-0 c6 9. Qc2 Re8 10. Rd1 Bd6 11. e4 dxe4 12. Nxe4 Nxe4 13. Qxe4 Nf6 14. Qc2 Bd7 15. Ne5 Rf8 16. Be3 Be8 17. Rac1 Nd7 18. b4 f6 19. Nd3 Bg6 20. Qe2 Bxd3 21. Qxd3 Qe7 22. d5 Ne5 23. Qb3 exd5 24. cxd5 Kh8 25. dxc6 bxc6 26. Bxc6 Rac8 27. Bg2 Rxc1 28. Rxc1 Ng4 29. Bc5 Bxc5 30. bxc5 h6 31. Qf3 Ne5 32. Qb7 Re8 33. Qxe7 Rxe7 34. c6 Rc7 35. f4 Nd3 36. Rc4 a5 37. Be4 Nb2 38. Rd4 Rc8 39. c7 1-0

[Event "URU-chT Clubs"]
[Site "Punta del Este"]
[Date "2014.08.24"]
[Round "3.12"]
[White "Ulaneo, Nicolas"]
[Black "Rodriguez Vila, Andres"]
[Result "0-1"]
[WhiteElo "2119"]
[BlackElo "2435"]
[PlyCount "124"]
[EventDate "2014.08.23"]
[EventType "team-swiss"]
[EventRounds "5"]
[EventCountry "URU"]
[SourceTitle "EXT 2017"]
[Source "ChessBase"]
[SourceDate "2016.10.25"]
[SourceVersion "1"]
[SourceVersionDate "2016.10.25"]
[SourceQuality "1"]

1. e4 d6 2. d4 Nf6 3. Nc3 c6 4. a4 e5 5. Nf3 Qc7 6. h3 Be7 7. Bc4 0-0 8. 0-0 a5 9. Be3 Na6 10. Qe2 h6 11. Bb3 Re8 12. Rad1 Bf8 13. d5 Nc5 14. Nd2 Nxb3 15. Nxb3 cxd5 16. exd5 Bd7 17. Rc1 Rec8 18. Nd2 Nh7 19. Nb5 Qd8 20. Nc4 Ra6 21. b3 g5 22. f3 f5 23. Qf2 Qe8 24. Nb6 f4 25. Bd2 Rc5 26. Nxd7 Qxd7 27. c4 Be7 28. Be1 Qf5 29. Qc2 Qxc2 30. Rxc2 Nf6 31. Bf2 Rc8 32. Re2 Nd7 33. Rb1 Bd8 34. Kf1 Kg7 35. Ke1 Bb6 36. Bxb6 Rxb6 37. Kd2 Nc5 38. Kc2 Kf6 39. Nc3 h5 40. Ne4+ Nxe4 41. Rxe4 Kf5 42. Kc3 Rb4 43. Rbe1 Rc7 44. Kb2 Rb6 45. Kc3 Ra6 46. Kd3 Ra8 47. Rc1 Rc5 48. Rce1 Rg8 49. Rh1 Rc7 50. Ree1 Re7 51. Rh2 b6 52. Rhh1 Rgg7 53. Rh2 Rh7 54. Rhh1 g4 55. hxg4+ hxg4 56. Ke2 e4 57. fxe4+ Rxe4+ 58. Kf2 g3+ 59. Kf3 Rxh1 60. Rxe4 Rf1+ 61. Ke2 Kxe4 62. Kxf1 Kd3 0-1

[Event "URU-chT Clubs"]
[Site "Punta del Este"]
[Date "2014.08.23"]
[Round "1.32"]
[White "Ulaneo, Nicolas"]
[Black "Abadal, Marcelo"]
[Result "1-0"]
[WhiteElo "2119"]
[BlackElo "1944"]
[PlyCount "58"]
[EventDate "2014.08.23"]
[EventType "team-swiss"]
[EventRounds "5"]
[EventCountry "URU"]
[SourceTitle "EXT 2017"]
[Source "ChessBase"]
[SourceDate "2016.10.25"]
[SourceVersion "1"]
[SourceVersionDate "2016.10.25"]
[SourceQuality "1"]

1. d4 Nf6 2. c4 e6 3. Nc3 Bb4 4. Qc2 0-0 5. a3 Bxc3+ 6. Qxc3 Ne4 7. Qc2 f5 8. Nf3 b6 9. g3 Bb7 10. Bg2 Nf6 11. 0-0 d6 12. d5 exd5 13. Nd4 Qd7 14. Nxf5 Na6 15. Ne3 c6 16. cxd5 cxd5 17. b4 Qf7 18. Bb2 Rac8 19. Qb3 Ne4 20. Rad1 Nc7 21. f3 Nf6 22. Nf5 Qe6 23. e4 Rce8 24. Qc2 Nb5 25. a4 dxe4 26. fxe4 Rc8 27. Qe2 Bxe4 28. Bxe4 Nxe4 29. Qg4 Qg6 1-0

[Event "URU-ch 83rd"]
[Site "Montevideo"]
[Date "2013.03.16"]
[Round "9"]
[White "Ulaneo, Nicolas"]
[Black "Larrea, Manuel"]
[Result "0-1"]
[WhiteElo "2156"]
[BlackElo "2266"]
[PlyCount "60"]
[EventDate "2013.03.11"]
[EventType "tourn"]
[EventRounds "11"]
[EventCountry "URU"]
[SourceTitle "CBM 153 Extra"]
[Source "ChessBase"]
[SourceDate "2013.04.22"]
[SourceVersion "1"]
[SourceVersionDate "2013.04.22"]
[SourceQuality "1"]

1. d4 Nf6 2. Nf3 g6 3. c4 Bg7 4. g3 0-0 5. Bg2 d6 6. 0-0 a6 7. Nc3 Nc6 8. d5 Na5 9. b3 Rb8 10. Bb2 c5 11. dxc6 Nxc6 12. Qd2 b5 13. cxb5 axb5 14. Nd5 Ne4 15. Qc2 Bxb2 16. Qxb2 e6 17. Qc2 Nc5 18. b4 exd5 19. bxc5 Bf5 20. Qc1 Rc8 21. Qh6 Qf6 22. cxd6 Rfd8 23. Rfd1 Bc2 24. Re1 Rxd6 25. Rac1 Nb4 26. e4 dxe4 27. Rxe4 Rcd8 28. Ree1 Bf5 29. Rc7 Rd1 30. Rce7 Qxe7 0-1

[Event "URU-ch 83rd"]
[Site "Montevideo"]
[Date "2013.03.12"]
[Round "3"]
[White "Coppola, Claudio"]
[Black "Ulaneo, Nicolas"]
[Result "1-0"]
[WhiteElo "2177"]
[BlackElo "2156"]
[PlyCount "157"]
[EventDate "2013.03.11"]
[EventType "tourn"]
[EventRounds "11"]
[EventCountry "URU"]
[SourceTitle "CBM 153 Extra"]
[Source "ChessBase"]
[SourceDate "2013.04.22"]
[SourceVersion "1"]
[SourceVersionDate "2013.04.22"]
[SourceQuality "1"]

1. d4 Nf6 2. c4 b6 3. Nc3 Bb7 4. f3 d5 5. cxd5 Nxd5 6. e4 Nxc3 7. bxc3 e5 8. dxe5 Qxd1+ 9. Kxd1 Nc6 10. f4 g5 11. Nf3 gxf4 12. Bxf4 Rg8 13. Bg3 0-0-0+ 14. Kc2 Bg7 15. Re1 Rge8 16. Bc4 Nxe5 17. Bxe5 Bxe5 18. Bxf7 Re7 19. Bc4 Bf4 20. Bd3 Bc6 21. Nd4 Ba4+ 22. Nb3 Red7 23. Rd1 Kb8 24. g3 Bg5 25. Rhf1 c5 26. c4 Bc6 27. e5 Rxd3 28. Rxd3 Be4 29. Rfd1 Re8 30. Re1 Bxd3+ 31. Kxd3 Bf6 32. e6 Kc7 33. Nd2 Rd8+ 34. Kc2 Re8 35. Kd3 Rd8+ 36. Kc2 Re8 37. g4 Kd8 38. Re3 Ke7 39. Rh3 Rh8 40. Ne4 h6 41. Re3 Bd4 42. Ra3 Kxe6 43. Rxa7 Rf8 44. Rh7 Be3 45. Kd3 Bc1 46. Rb7 Ke5 47. Re7+ Kf4 48. Kc2 Be3 49. Nc3 Bd4 50. Re4+ Kf3 51. Re1 Kxg4 52. Nd5 Rf2+ 53. Kd3 Rxa2 54. Re4+ Kf5 55. Rf4+ Kg5 56. h4+ Kh5 57. Nxb6 Ra3+ 58. Ke4 Re3+ 59. Kd5 Re5+ 60. Kd6 Re2 61. Nd7 Bf2 62. Nf6+ Kg6 63. h5+ Kg7 64. Ne4 Bd4 65. Rg4+ Kf7 66. Nxc5 Bxc5+ 67. Kxc5 Re5+ 68. Kd6 Rxh5 69. c5 Rh1 70. c6 Rd1+ 71. Kc7 h5 72. Rc4 Ke7 73. Kc8 Kd6 74. c7 Rb1 75. Kd8 Rg1 76. Rc6+ Kxc6 77. c8Q+ Kd6 78. Qc7+ Ke6 79. Qb6+ 1-0

[Event "URU-ch sf"]
[Site "Montevideo"]
[Date "2013.02.11"]
[Round "7"]
[White "Larrea, Manuel"]
[Black "Ulaneo, Nicolas"]
[Result "1-0"]
[WhiteElo "2253"]
[BlackElo "2132"]
[PlyCount "43"]
[EventDate "2013.02.08"]
[EventType "swiss"]
[EventRounds "9"]
[EventCountry "URU"]
[SourceTitle "EXT 2014"]
[Source "ChessBase"]
[SourceDate "2013.11.20"]
[SourceVersion "1"]
[SourceVersionDate "2013.11.20"]
[SourceQuality "1"]

1. e4 e6 2. d3 d5 3. Nd2 c5 4. Ngf3 Nc6 5. g3 g6 6. Bg2 Bg7 7. 0-0 Nge7 8. Re1 b6 9. exd5 Nxd5 10. d4 cxd4 11. Nb3 Bb7 12. Nfxd4 Qd7 13. Nxe6 fxe6 14. Qxd5 0-0-0 15. Qxd7+ Rxd7 16. Bf4 Bxb2 17. Rab1 Bg7 18. Nc5 e5 19. Bh3 Kc7 20. Bxd7 bxc5 21. Bxc6 Bxc6 22. Rxe5 1-0